书目信息 |
| 题名: |
国际企业管理
|
|
| 作者: | 王朝晖 , 朱云霞 主编 | |
| 分册: | ||
| 出版信息: | 北京 北京大学出版社 2013 |
|
| 页数: | 333页 | |
| 开本: | 23cm | |
| 丛书名: | ||
| 单 册: | ||
| 中图分类: | F276.7 | |
| 科图分类: | ||
| 主题词: | 跨国公司--企业管理--高等学校--教材 , 跨国公司 , 企业管理 | |
| 电子资源: | ||
| ISBN: | 978-7-301-22918-7 | |
| 000 | 01370nam0 2200301 450 | |
| 001 | 523 | |
| 005 | 20140909092734.45 | |
| 010 | @a978-7-301-22918-7@dCNY39.00 | |
| 100 | @a20131008d2013 em y0chiy50 ea | |
| 101 | 0 | @achi |
| 102 | @aCN@b110000 | |
| 105 | @ay z 000yy | |
| 106 | @ar | |
| 200 | 1 | @a国际企业管理@AGuo Ji Qi Ye Guan Li@e理论与实践@ELi Lun Yu Shi Jian@dInternational enterprise management@etheory and practice@f王朝晖,朱云霞主编@FWang Chao Hui, Zhu Yun Xia Zhu Bian@zeng |
| 210 | @a北京@c北京大学出版社@d2013 | |
| 215 | @a333页@d23cm | |
| 300 | @a高等院校经济学管理学系列教材 | |
| 330 | @a本书共九章,第一章介绍国际企业管理的背景;第二章介绍企业国际化经营的基本理论,包括国际贸易理论、对外直接投资理论和其他企业国际化经营理论;第三章介绍国际企业的经营环境;第四章介绍国际企业的海外市场进入模式;第五章介绍国际企业的组织结构及其控制模式;第六章至第九章介绍国际企业管理的四大职能:运营管理、营销管理、财务管理和人力资源管理。 | |
| 510 | 1 | @aInternational enterprise management@etheory and practice@zeng |
| 517 | 1 | @a理论与实践@ALi Lun Yu Shi Jian |
| 606 | 0 | @a跨国公司@x企业管理@x高等学校@j教材 |
| 606 | 0 | @a跨国公司 |
| 606 | 0 | @a企业管理 |
| 690 | @aF276.7@v5 | |
| 701 | 0 | @a王朝晖@AWang Chao Hui@f(1972~)@4主编 |
| 701 | 0 | @a朱云霞@AZhu Yun Xia@c(女)@4主编 |
| 801 | 0 | @aCN@bTANGWEI@c20140603 |
| 905 | @b0841442-44@dF276.7@e1120@f3 | |
| 国际企业管理:理论与实践=International enterprise management:theory and practice/王朝晖,朱云霞主编.-北京:北京大学出版社,2013 |
| 333页;23cm |
| 高等院校经济学管理学系列教材 |
| ISBN 978-7-301-22918-7:CNY39.00 |
| 本书共九章,第一章介绍国际企业管理的背景;第二章介绍企业国际化经营的基本理论,包括国际贸易理论、对外直接投资理论和其他企业国际化经营理论;第三章介绍国际企业的经营环境;第四章介绍国际企业的海外市场进入模式;第五章介绍国际企业的组织结构及其控制模式;第六章至第九章介绍国际企业管理的四大职能:运营管理、营销管理、财务管理和人力资源管理。 |
| ● |
| 相关链接 |
|
|
|
|
正题名:国际企业管理
索取号:F276.7/1120
 
预约/预借
| 序号 | 登录号 | 条形码 | 馆藏地/架位号 | 状态 | 备注 |
| 1 | 0841442 | 208414429 | 第一样本阅览室/ [索取号:F276.7/1120] | 在馆 | |
| 2 | 0841443 | 208414438 | 第一借阅区/ [索取号:F276.7/1120] | 在馆 | |
| 3 | 0841444 | 208414447 | 密集书库-海洋学院/ [索取号:F276.7/1120] | 在馆 |